| 000 | 00518nam a22001577a 4500 | ||
|---|---|---|---|
| 100 | _aChodak, I | ||
| 245 | _aSimilarities in stress-strain-curve and electrical conductivity- mechanical deformation dependence for elastomers and thermoplastics | ||
| 260 | _bKautschuk Gummi Kunststoffe, 76(2): 2023. 72-77. | ||
| 300 | _bApril | ||
| 650 | _aConductive composites | ||
| 650 | _aOnline measurements | ||
| 650 | _aElectrical conductivity | ||
| 650 | _aMechanical deformation | ||
| 700 | _aPeidayesh, H | ||
| 942 | _cJS | ||
| 999 |
_c75277 _d75277 |
||